Tratamiento básico de aguas (Registro nro. 6166)
[ vista simple ]
| 000 -CABECERA | |
|---|---|
| Longitud fija campo de control | 00860nam a2200229Ia 4500 |
| 005 - • FECHA Y HORA DE LA ÚLTIMA TRANSACCIÓN | |
| Fecha y hora de la última transacción | 20220317001159.0 |
| 008 - • CÓDIGOS DE INFORMACIÓN DE LONGITUD FIJA | |
| Códigos de información de longitud fija | 160825s9999 xx 000 0 und d |
| 082 04 - • NÚMERO DE LA CLASIFICACIÓN DECIMAL DEWEY | |
| Número de clasificación (R) | 628.1 |
| Número del ítem | T71 |
| 040 ## - FUENTE DE LA CATALOGACIÓN | |
| Centro catalogador de origen | CO-BoRNBP |
| Lengua de catalogación | spa |
| Normas de descripción | rda |
| Centro transcriptor | CO-BoRNBP |
| 245 10 - • TITULO PROPIAMENTE DICHO | |
| Título | Tratamiento básico de aguas |
| Resto del título | Clasificación, características físicas, filtros, construcción, acueducto municipal |
| Medio | videograbación |
| 250 ## - • MENCIÓN DE EDICIÓN | |
| Mención de edición | 1a. edición |
| 264 ## - PRODUCCIÓN, PUBLICACIÓN , DISTRIBUCIÓN, FABRICACIÓN Y COPYRIGHT | |
| Lugar de producción, publicación, distribución, fabricación | El Campo y La Ciudad |
| 300 ## - • DESCRIPCIÓN FÍSICA | |
| Extensión | 1 video en VHS (25min) |
| Otras características físicas | sonido, color |
| Dimensiones | 20 cm |
| 336 ## - TIPO DE CONTENIDO | |
| Término de tipo de contenido | texto |
| Código de tipo de contenido | txt |
| Fuente | rdacontent |
| 337 ## - TIPO DE MEDIO | |
| Nombre del tipo de medio | sin mediación |
| Código del tipo de medio | n |
| Fuente | rdamedia |
| 338 ## - TIPO DE SOPORTE | |
| Nombre del tipo de soporte | volumen |
| Código del tipo de soporte | nc |
| Fuente | rdacarrier |
| 490 ## - • MENCIÓN DE SERIE | |
| Mención de serie | Videoteca agropecuaria el campo y la ciudad |
| 650 14 - • PUNTO DE ACCESO ADICIONAL DE MATERIA - TÉRMINO DE MATERIA | |
| Fuente del encabezamiento o término | LEMB |
| Término de materia o nombre geográfico como elemento inicial | Agua |
| Subdivisión de forma | Videocasetes |
| 650 14 - • PUNTO DE ACCESO ADICIONAL DE MATERIA - TÉRMINO DE MATERIA | |
| Fuente del encabezamiento o término | LEMB |
| Término de materia o nombre geográfico como elemento inicial | Aguas residuales |
| Subdivisión de forma | Videocasetes |
| 650 14 - • PUNTO DE ACCESO ADICIONAL DE MATERIA - TÉRMINO DE MATERIA | |
| Fuente del encabezamiento o término | LEMB |
| Término de materia o nombre geográfico como elemento inicial | Planes de desarrollo |
| Subdivisión de forma | Videocasetes |
| 942 ## - ENTRADA DE ELEMENTOS AGREGADOS (KOHA) | |
| Fuente de clasificaión o esquema | Dewey Decimal Classification |
| Koha [por defecto] tipo de item | |
No hay ítems disponibles.